Pakistan (Record no. 30302)
[ view plain ]
| 000 -LEADER | |
|---|---|
| fixed length control field | 00379nam a2200157Ia 4500 |
| 001 - CONTROL NUMBER | |
| control field | 30175 |
| 008 - FIXED-LENGTH DATA ELEMENTS--GENERAL INFORMATION | |
| fixed length control field | 140416s9999 xx 000 0 und d |
| 040 ## - CATALOGING SOURCE | |
| Transcribing agency | PK-LaUMT |
| 082 ## - DEWEY DECIMAL CLASSIFICATION NUMBER | |
| Classification number | 621.042 |
| Item number | TAR-P |
| 100 ## - MAIN ENTRY--PERSONAL NAME | |
| Personal name | Tariq Riaz |
| 245 ## - TITLE STATEMENT | |
| Title | Pakistan |
| Remainder of title | the energy sector |
| Statement of responsibility, etc | Tariq Riaz |
| 260 ## - PUBLICATION, DISTRIBUTION, ETC. (IMPRINT) | |
| Place of publication, distribution, etc | Lahore,Pakistan: |
| Name of publisher, distributor, etc | Ferozesons, |
| Date of publication, distribution, etc | 1984 |
| 300 ## - PHYSICAL DESCRIPTION | |
| Extent | 241 p. |
| 546 ## - LANGUAGE NOTE | |
| Language note | EN |
| 942 ## - ADDED ENTRY ELEMENTS (KOHA) | |
| Koha item type | Books |
| Withdrawn status | Lost status | Damaged status | Not for loan | Home library | Current library | Date acquired | Total Checkouts | Full call number | Barcode | Date last seen | Price effective from | Koha item type |
|---|---|---|---|---|---|---|---|---|---|---|---|---|
| UMT Main Campus | UMT Main Campus | 2014-04-16 | 621.042 TAR-P | 37395 | 2014-05-03 | 2014-05-03 | Books |
